| 000 | 00740nam a2200253 a 4500 | ||
|---|---|---|---|
| 001 | BRCA_3702 | ||
| 005 | 20190320204404.0 | ||
| 008 | 080909s1961----fr-a---###---#000-0#fre-# | ||
| 041 | _afre | ||
| 044 | _afr | ||
| 050 | 4 |
_aNK2547 _b.M48 1 _c1961 |
|
| 100 | 1 |
_aFayet, Monique de _97834 |
|
| 245 | 1 | 0 |
_aMeubles et ensembles _bMoyen age et renaissance _cpar Monique de Fayet. |
| 260 |
_aParis _bCh. Massin _cc1961 |
||
| 300 |
_a1 v. (sin paginación) _bil., 36 láminas _c29 cm. |
||
| 440 | 0 |
_aMeubles et ensembles _v1 _99623 |
|
| 500 | _aIncluye lista de láminas | ||
| 500 | _aB339 | ||
| 650 | 1 | 4 |
_aMuebles góticos _99624 |
| 650 | 1 | 4 |
_aMuebles renacentistas _97835 |
| 650 | 1 | 4 |
_aMuebles franceses _99625 |
| 902 | _aGFM | ||
| 942 |
_2lcc _cB |
||
| 999 |
_c3432 _d3432 |
||